000 00971nas a2200265 4500
001 BR2012001546
003 BR-BrBNA
005 20231205120247.0
007 ta
008 230509b bl.|||p| |||| 00| 00por d
040 _aBR-BrBNA
_bpor
_cBiblioteca Nacional de Agricultura
041 _a(En)
072 _aL60; L40
100 1 _aCardoso, I.A.
245 1 _aRedescription of the sibling species Plesionika acanthonotus (Smith, 1882)and Plesionika holthuisi Crosnier Forest, 1968 (Caridea, Pandalidae)
246 1 _aRedescription of the sibling species Plesionika acanthonotus (Smith, 1882)and Plesionika holthuisi Crosnier Forest, 1968 (Caridea, Pandalidae)
650 _aCAMARÃO
650 _aTAXONOMIA ANIMAL
650 _aOCEANO
650 _aANATOMIA ANIMAL
650 _a
773 0 _tAtlântica (Brazil)
_xISSN 0102-1656
_g(Jul-Dec 2010), v. 32(2) p. 221-235
_wBR2012001546
909 _a202311
_bLúcia
_c55
_dLúcia Elande
942 _2AGRIS
_n0
_cANA
999 _c217651
_d217651